000 01079nam0a22003011 4500
001 rc\2307500
005 20250623073904.0
035 _a(NLR Aleph) 006669795
090 _a4977394
_c4977394
100 _a20110829d1977 |||y0rusy50 ca
101 0 _arus
102 _aRU
105 _aa z |||a|
200 1 _aВ июле, после войны
_eПовесть
_e[Для ст. школьного возраста]
_fБорис Соколов
210 _aКуйбышев
_cКн. изд-во
_d1977
215 _a127 с.
_cил.
_d16
606 _yСибирь (д. л.)
_2rkp
606 _aДети в Великой Отечественной войне 1941-1945 гг. (д. л.)
_2rkp
606 _aДетские дома (д. л.)
_2rkp
700 1 _aСоколов
_bБ. С.
_cпоэт
_f1931-2006
_gБорис Сергеевич
_9218866
_3RU\NLR\AUTH\770218922
801 0 _aRU
_bNLR
_gpsbo
801 1 _aRU
_bELAR
_2rusmarc
852 _aNLR
_j77-2/3720
899 _aRuMoRGB
_jМ 77-8/981
899 _aRuMoRGB
_jМ 77-8/982
942 _cBOOK
980 _aNB